<?xml version="1.0" encoding="UTF-8"?>
<collection xmlns="http://www.loc.gov/MARC21/slim">
  <record>
    <leader>00000nam  2200000   4500</leader>
    <controlfield tag="001">INLIS000000000048305</controlfield>
    <controlfield tag="005">20161020102759.0</controlfield>
    <controlfield tag="006"/>
    <controlfield tag="007"/>
    <controlfield tag="008">                                        </controlfield>
    <datafield tag="020" ind1="#" ind2="#">
      <subfield code="a">979-002-706-0</subfield>
    </datafield>
    <datafield tag="035" ind1="#" ind2="#">
      <subfield code="0">010-101600000000063</subfield>
    </datafield>
    <datafield tag="082" ind1="#" ind2="#">
      <subfield code="2">22</subfield>
      <subfield code="a">633.88</subfield>
    </datafield>
    <datafield tag="090" ind1="#" ind2="#">
      <subfield code="a">633.88</subfield>
      <subfield code="b">Raf k</subfield>
    </datafield>
    <datafield tag="100" ind1="#" ind2="#">
      <subfield code="a">Raffi Paramawati</subfield>
    </datafield>
    <datafield tag="245" ind1="#" ind2="#">
      <subfield code="a">Khasiat ajaib dau avokad</subfield>
      <subfield code="c">Dr.Ir. Raffi Paramawati, M.Si., dr. Hildegardis Dyna Retno Dumilah ; editor Febriani Ai Nurrohmah</subfield>
    </datafield>
    <datafield tag="260" ind1="#" ind2="#">
      <subfield code="a">Jakarta</subfield>
      <subfield code="b">Penebar Swadaya</subfield>
      <subfield code="c">2016</subfield>
    </datafield>
    <datafield tag="300" ind1="#" ind2="#">
      <subfield code="a">iv, 84 hlm.</subfield>
      <subfield code="b">ilus</subfield>
      <subfield code="c">23 cm.</subfield>
    </datafield>
    <datafield tag="500" ind1="#" ind2="#">
      <subfield code="a">Bibliografi : hlm. 80-83 Biografi : hlm. 84 Glosarium : hlm. 78-79</subfield>
    </datafield>
    <datafield tag="650" ind1="#" ind2="#">
      <subfield code="a">Tanaman Obat</subfield>
    </datafield>
    <datafield tag="700" ind1="#" ind2="#">
      <subfield code="a">Hildegardis Dyna Retno Dumilah</subfield>
    </datafield>
  </record>
</collection>
